000 00270nam a2200109Ia 4500
008 190914s9999||||xx |||||||||||||| ||und||
100 _aWilliam D. Perreault
245 0 _aEssential of Marketing
260 _aNew Delhi
_bBantam Books
_c2004
300 _a376
942 _cBK
999 _c9110
_d9110